000 00458nam a2200157Ia 4500
999 _c19659
_d19659
003 OSt
005 20200703131420.0
008 190216s9999||||xx |||||||||||||| ||und||
040 _coclc
082 _a940.28
_bSIN/H
100 _aSinha, B M
_93517
245 0 _aA History Of Modern Europe /
_cB M Sinha ; V C Pandey
260 _bPrakasan Kendra,
_c1984.
_aLucknow:
300 _a306p
942 _cBK
_2ddc
_h940.28
_iSIN/H
_k940.28
_mSIN/H